Central Library OPAC University of Rajshahi

Shakespeare : (Record no. 56494)

MARC details
000 -LEADER
fixed length control field 00916nam a2200289 a 4500
001 - CONTROL NUMBER
control field 56494
003 - CONTROL NUMBER IDENTIFIER
rucl marc code BD-RjUL
005 - DATE AND TIME OF LATEST TRANSACTION
control field 20211209080414.0
008 - FIXED-LENGTH DATA ELEMENTS--GENERAL INFORMATION
fixed length control field 161129r19721968enk b 001 0 eng
020 ## - INTERNATIONAL STANDARD BOOK NUMBER
International Standard Book Number 333044339
International Standard Book Number 333081528
Terms of availability 56618
035 ## - SYSTEM CONTROL NUMBER
System control number (BD-RjUL)56618
040 ## - CATALOGING SOURCE
Original cataloging agency DLC
Transcribing agency DLC
Modifying agency DLC
Language of cataloging eng
041 ## - LANGUAGE CODE
Language code of text/sound track or separate title eng
082 00 - DEWEY DECIMAL CLASSIFICATION NUMBER
Classification number 822.3/3
Edition number 23
Author mark and year SHS 1972
100 1# - MAIN ENTRY--PERSONAL NAME
Personal name Shakespeare, William
Dates associated with a name 1945-1975.
9 (RLIN) 168014
245 00 - TITLE STATEMENT
Title Shakespeare :
Remainder of title Antony and Cleopatra /
Statement of responsibility, etc. William Shakespeare ; Editor by Joha Russell Brown
260 ## - PUBLICATION, DISTRIBUTION, ETC. (IMPRINT)
Place of publication, distribution, etc. London :
Name of publisher, distributor, etc. Edward Arnold,
Date of publication, distribution, etc. 1968[Reprinted 1972]
300 ## - PHYSICAL DESCRIPTION
Pagination 64 p. ;
Size 20 cm.
350 ## - PRICE (NR) (BK AM CF MU VM SE) [OBSOLETE]
Price £0.45 (pbk)
490 0# - SERIES STATEMENT
Series statement Studies in English literature, no. 44
504 ## - BIBLIOGRAPHY, ETC. NOTE
Bibliography, etc Bibliography: p. [61]
600 10 - SUBJECT ADDED ENTRY--PERSONAL NAME
Personal name Shakespeare, William,
Dates associated with a name 1564-1616.
Title of a work Antony and Cleopatra.
700 ## - ADDED ENTRY--PERSONAL NAME
Personal name Brown, Joha Russell
942 ## - ADDED ENTRY ELEMENTS (KOHA)
Source of classification or shelving scheme Dewey Decimal Classification
Koha item type Books
Holdings
Lost status Source of classification or shelving scheme Damaged status Not for loan Collection code Permanent Location Current Location Shelving location Date acquired Source of acquisition Cost, normal purchase price Total Checkouts Full call number Date last seen Date checked out Copy number Koha item type
  Dewey Decimal Classification     Non-fiction Central Library, University of Rajshahi Central Library, University of Rajshahi   10/01/1975 Zeitlinger 8.00 1 822.3/3 SHS 1972 18/09/2024 29/08/2024 C-2 Books